| Tag |
First Indicator |
Second Indicator |
Subfields |
| LEADER |
00000nam a2200000Ia 4500 |
| 001 |
in00004304635 |
| 005 |
20200810090434.0 |
| 006 |
m g d |
| 007 |
cr bn |||a|bb| |
| 008 |
880705s1685 enk o 00| | eng d |
| 035 |
|
|
|a (OCoLC)18170434
|
| 040 |
|
|
|a EAI
|c EAI
|d UMI
|d WaOLN
|
| 037 |
|
|
|a CL0037000037
|b ProQuest Information and Learning. 300 N. Zeeb Rd., Ann Arbor, MI 48106
|
| 090 |
|
|
|a BS1416
|b .P37 1685
|
| 049 |
|
|
|a UMIA
|
| 100 |
1 |
|
|a Patrick, Simon,
|d 1626-1707.
|
| 245 |
1 |
4 |
|a The book of Job paraphras'd /
|c by Symon Patrick ...
|
| 250 |
|
|
|a The second edition corrected.
|
| 260 |
|
|
|a London :
|b Printed by J. Macock, for R. Royston ...,
|c MDCLXXXV [1685]
|
| 300 |
|
|
|a 1 online resource ([24], 335, [1] pages)
|
| 336 |
|
|
|a text
|b txt
|2 rdacontent
|
| 337 |
|
|
|a computer
|b c
|2 rdamedia
|
| 338 |
|
|
|a online resource
|b cr
|2 rdacarrier
|
| 500 |
|
|
|a Paraphrase and Authorized text in parallel columns.
|
| 500 |
|
|
|a "Imprimatur, Dec. 17. 1678., Guil. Jane R.P.D. Hen. ..."
|
| 500 |
|
|
|a Advertisement: pages [1] at end.
|
| 500 |
|
|
|a Reproduction of original in the Huntinton Library.
|
| 510 |
4 |
|
|a Wing
|c B2639 Variant
|
| 533 |
|
|
|a Electronic reproduction.
|b Ann Arbor, Mich. :
|c UMI,
|d 1999-
|f (Early English books online)
|n Digital version of: (Early English books, 1641-1700 ; 1119:5)
|7 s1999 miun s
|
| 630 |
0 |
0 |
|a Bible.
|p O.T.
|p Job
|v Paraphrases, English.
|
| 730 |
0 |
|
|a Bible.
|p O.T.
|p Job.
|l English.
|s Patrick.
|f 1685.
|
| 830 |
|
0 |
|a Early English books online.
|
| 856 |
4 |
0 |
|u http://proxy.library.tamu.edu/login?url=https://search.proquest.com/docview/2240886596
|z Connect to the full text of this electronic book
|t 0
|
| 999 |
f |
f |
|s f832e2db-693f-3189-adab-a6e68b155262
|i cbc13883-dd70-3f68-b570-846ef77a2bb6
|t 0
|
| 952 |
f |
f |
|a Texas A&M University
|b College Station
|c Electronic Resources
|d Available Online
|t 0
|e BS1416 .P37 1685
|h Library of Congress classification
|
| 998 |
f |
f |
|a BS1416 .P37 1685
|t 0
|l Available Online
|